000 00274nam a22001097a 4500
008 170125b xxu||||| |||| 00| 0 eng d
020 _a0890792747
041 _aeng
080 _a61
245 _aEVALUATION AND TREATMENT OF SWALLOWING DISORDERS
_cLOGEMANN, J
942 _2udc
_cBK
999 _c3681
_d3681